Online
Catalog
Normal view MARC view

Entry Nombre geográfico

Number of records used in: 47

001 - NÚMERO DE CONTROL

  • campo de control: 21999

003 - IDENTIFICADOR DEL NÚMERO DE CONTROL

  • campo de control: OSt

005 - FECHA Y HORA DE LA ÚLTIMA TRANSACCIÓN

  • campo de control: 20250630104809.0

008 - DATOS DE LONGITUD FIJA

  • campo de control de longitud fija: 200615|| aca||aabn | a|a d

040 ## - FUENTE DE LA CATALOGACIÓN

  • Centro catalogador/agencia de origen: OSt
  • Centro/agencia transcriptor: OSt

151 ## - ENCABEZAMIENTO--NOMBRE GEOGRÁFICO

  • Nombre geográfico: REPÚBLICA DOMINICANA
  • Subdivisión general: HISTORIA
  • Subdivisión cronológica: ERA DE TRUJILLO, 1930-1961
  • Subdivisión general: NOVELA

670 ## - FUENTE DE DATOS ENCONTRADOS

  • Cita de la fuente: Work cat.: (OSt)7871: Lafourcade, Enrique, 1927- 21998, La fiesta del rey Acab /, 1969.

Powered by Koha